• 首页
  • 本馆介绍
  • 公告通知
  • 最新文献
  • 馆藏检索
  • 电子资源
  • 读者导购
  • 参考咨询
  • 我的图书馆
  • 登录
  • 详细信息显示
  • 放入我的书架
  • 预约/预借图书
  • 作者相关作品
  • 分类相关作品
  • 丛书相关作品
  • 出版社相关作品

书目信息

  • 表格格式
  • 工作单格式
  • 卡片格式
题名:
IQ怪案(3)
    
 
作者: 小神探 编译
分册:  
出版信息: 北京   中华工商联合出版社  1999
页数: 184页
开本: 20cm
丛书名:
单 册:
中图分类: G898.2
科图分类:
主题词: 文娱性体育活动
电子资源:
ISBN: 7-80100-526-0
000 00578nam0 2200205 450
001 0636558265
005 20061020101541.96
010    @a7-80100-526-0@dCNY24.00(全三册)
100    @a20061020d1999 km y0chiy0120 ea
101 0  @achi
102    @aCN
105    @aa z 000yy
200 1  @aIQ怪案(3)@AIQ guai an(3)@f小神探编译@Fxiao shen tan bian yi
210    @a北京@c中华工商联合出版社@d1999
215    @a184页@c插图@d20cm
606 0  @a文娱性体育活动
690    @aG898.2@v3
701  0 @a小神探@Axiao shen tan@4编译
801  0 @aCN@bPFT@c20061020
905    @a10447@dG898.2@e225:3
    
    IQ怪案(3)/小神探编译.-北京:中华工商联合出版社,1999
    184页:插图;20cm
    
    
    ISBN 7-80100-526-0:CNY24.00(全三册)
    
●
相关链接 在E读中查询图书 在五车中查询图书 在当当中查询图书 在豆瓣中查询图书


正题名:IQ怪案(3)     索取号:G898.2/225:3         预约/预借

序号 登录号 条形码 馆藏地/架位号 状态 备注
1 0504131   205041319   密集书库/ [索取号:G898.2/225:3] 在馆    
唐山师范学院图书馆 欢迎您!
大连网信软件有限公司© 版权所有